Moderné prístupy vo využívaní IKT v oblasti riadenia škôl a školských zariadení

Využívanie informačno-komunikačných technológií v oblasti riadenia škôl a školských zariadení a zvyšovanie počítačovej gramotnosti riadiacich pracovníkov a učiteľov škôl a školských zariadení.

Guardado en:
Detalles Bibliográficos
Autor principal: Burianová, Mária
Formato: Capítulo de libro
Lenguaje:eslovaco
Materias:
Etiquetas: Agregar Etiqueta
Sin Etiquetas, Sea el primero en etiquetar este registro!

MARC

LEADER 00000naa$a2200000$$$4500
001 0088399
005 20231010124808.6
041 0 |a slo 
044 |a SK 
245 1 0 |a Moderné prístupy vo využívaní IKT v oblasti riadenia škôl a školských zariadení  |c Mária Burianová 
520 |a Využívanie informačno-komunikačných technológií v oblasti riadenia škôl a školských zariadení a zvyšovanie počítačovej gramotnosti riadiacich pracovníkov a učiteľov škôl a školských zariadení. 
610 2 0 |a technológie informačné 
610 2 0 |a riadenie 
610 2 0 |a školy 
610 2 0 |a technológie komunikačné 
610 2 0 |a gramotnosť informačná 
100 1 |a Burianová, Mária